Statistics for Best One-Team NFL Players

Click here to take the quiz!

General Stats

  • This quiz has been taken 193 times
  • The average score is 17 of 24

Answer Stats

Team Years Player Position % Correct
New England Patriots2000-PresentTom BradyQuarterback
100%
Miami Dolphins1983-1999Dan MarinoQuarterback
96%
Detroit Lions1989-1998Barry SandersRunning Back
95%
Denver Broncos1983-1998John ElwayQuarterback
94%
New York Giants2004-PresentEli ManningQuarterback
94%
Green Bay Packers2005-PresentAaron RodgersQuarterback
93%
Baltimore Ravens1996-2012Ray LewisMiddle Linebacker
93%
Dallas Cowboys1989-2000Troy AikmanQuarterback
93%
Pittsburgh Steelers2004-PresentBen RoethlisbergerQuarterback
85%
Indianapolis Colts1996-2008Marvin HarrisonWide Reciever
78%
Dallas Cowboys1988-1999Michael IrvinWide Reciever
78%
Chicago Bears2000-2012Brian UrlacherMiddle Linebacker
77%
Buffalo Bills1986-1996Jim KellyQuarterback
77%
Pittsburgh Steelers2003-2014Troy PolamaluStrong Safety
76%
New York Giants1993-2007Michael StrahanDefensive End
75%
Denver Broncos1995-2001Terrell DavisRunning Back
68%
Pittsburgh Steelers1998-2011Hines WardWide Reciever
68%
Indianapolis Colts2001-2014Reggie WayneWide Reciver
61%
Tampa Bay Buccaneers1995-2008Derrick BrooksOutside Linebacker
48%
Kansas City Chiefs1989-1999Derrick ThomasOutside Linebacker
45%
Baltimore Ravens1996-2007Jonathan OgdenLeft Tackle
45%
Houston Oilers/Tennessee Titans1983-2001Bruce MatthewsOffensive Linemen
37%
Seattle Seahawks1997-2008Walter JonesLeft Tackle
35%
Washington Redskins1983-2002Darrell GreenCornerback
35%

Score Distribution

Percentile by Number Answered

Percent of People with Each Score

Your Score History

You have not taken this quiz